Doing member care well : (Record no. 8870)
[ view plain ]
| 000 -LEADER | |
|---|---|
| fixed length control field | 01197cam a22002894a 4500 |
| 001 - CONTROL NUMBER | |
| control field | 48620260 |
| 003 - CONTROL NUMBER IDENTIFIER | |
| control field | OCoLC |
| 005 - DATE AND TIME OF LATEST TRANSACTION | |
| control field | 20241126110700.0 |
| 008 - FIXED-LENGTH DATA ELEMENTS--GENERAL INFORMATION | |
| fixed length control field | 011206s2002 caua b 001 0 eng |
| 010 ## - | |
| -- | 2001058325 |
| 020 ## - INTERNATIONAL STANDARD BOOK NUMBER | |
| International Standard Book Number | 0878084460 (alk. paper) |
| 020 ## - INTERNATIONAL STANDARD BOOK NUMBER | |
| International Standard Book Number | 9780878084463 (alk. paper) |
| 040 ## - CATALOGING SOURCE | |
| Original cataloging agency | DLC |
| Transcribing agency | DLC |
| Modifying agency | VFY |
| -- | BAKER |
| -- | BTCTA |
| -- | ATH |
| 042 ## - | |
| -- | pcc |
| 050 00 - | |
| -- | BV2091 |
| -- | .D65 2002 |
| 050 00 - | |
| -- | BV2091 |
| -- | .D65 2002 |
| 082 ## - DEWEY DECIMAL CLASSIFICATION NUMBER | |
| Classification number | 266.00683 |
| Item number | DOI |
| 245 00 - TITLE STATEMENT | |
| Title | Doing member care well : |
| Remainder of title | perspectives and practices from around the world / |
| Statement of responsibility, etc. | edited by Kelly O'Donnell. |
| 260 ## - PUBLICATION, DISTRIBUTION, ETC. | |
| Place of publication, distribution, etc. | Pasadena, Calif. : |
| Name of publisher, distributor, etc. | William Carey Library, |
| Date of publication, distribution, etc. | c2002. |
| 300 ## - PHYSICAL DESCRIPTION | |
| Extent | x, 566 p. : |
| Other physical details | ill. ; |
| Dimensions | 26 cm. |
| 490 0# - SERIES STATEMENT | |
| Series statement | Globalization of mission series |
| 504 ## - BIBLIOGRAPHY, ETC. NOTE | |
| Bibliography, etc. note | Includes bibliographical references and index. |
| 505 0# - FORMATTED CONTENTS NOTE | |
| Formatted contents note | pt. 1. The member care context -- pt. 2. Regional issues and insights. Asia -- South Asia -- Africa -- Latin America -- Arabic world. pt. 3. Providing and developing member care. Master care -- Self and mutual care -- Sender care -- Specialist care -- Network care. |
| 650 #0 - SUBJECT ADDED ENTRY--TOPICAL TERM | |
| Topical term or geographic name entry element | Missionaries |
| General subdivision | Supervision of. |
| 9 (RLIN) | 15573 |
| 700 1# - ADDED ENTRY--PERSONAL NAME | |
| Personal name | O'Donnell, Kelly S. |
| 9 (RLIN) | 15574 |
| 942 ## - ADDED ENTRY ELEMENTS (KOHA) | |
| Source of classification or shelving scheme | Dewey Decimal Classification |
| Koha item type | Books |
| Withdrawn status | Lost status | Source of classification or shelving scheme | Damaged status | Not for loan | Home library | Current Library | Shelving location | Date acquired | Total checkouts | Full call number | Barcode | Date last seen | Date last checked out | Copy number | Price effective from | Koha item type |
|---|---|---|---|---|---|---|---|---|---|---|---|---|---|---|---|---|
| Dewey Decimal Classification | GRACE BIBLE COLLEGE | GRACE BIBLE COLLEGE | Ministry & Mission | 2022-01-10 | 2 | 266.00683 DOI | 015354 | 2025-09-29 | 2025-09-19 | c.1 | 2022-01-10 | Books |